| 000 | 01240nam a2200277 a 4500 | ||
|---|---|---|---|
| 003 | DO-SdBNP | ||
| 005 | 20220328123526.0 | ||
| 007 | ta | ||
| 008 | 210818e2018 dr aco|gr|||| 001 0 spa d | ||
| 040 |
_aDO-SdBNP _bspa _cBNPHU |
||
| 082 | 4 |
_bR426s _222 |
|
| 110 | 1 |
_aRepública Dominicana : _bCuerpo Especializado en Seguridad Aeroportuaria y de la Aviación Civil (CESAC) _979475 |
|
| 245 | 1 | 0 |
_aSeguridad Aviacion Civil en la Republica Dominicana CESAC: _b21 años, una historia de éxitos 1997 - 2018. / _cPrólogo, Miguel Franjul; Edición Diseño y Producción Tony Núñez.; Fotografía, Alberto Martínez, Miguel Mañón; |
| 260 |
_aSanto Domingo : _bTony Núñez y Asociados SRL, _c20018 |
||
| 300 |
_a352 p.: _bil., fotogr. retr, ; _c28 cm. |
||
| 500 | _aincluye acrónimos. | ||
| 500 | _aIncluye galería de directores. | ||
| 590 | _aInventariado 2021 / MF | ||
| 700 | 1 |
_938764 _aFranjul, Miguel, _4pról. _d1951- |
|
| 700 | 1 |
_977999 _aNúñez, Tony, _eeditor. |
|
| 700 | 1 |
_aMartínez, Alberto, _efotogr. _979476 |
|
| 700 |
_aMiguel, Mañón, _efotogr. _979477 |
||
| 710 |
_979475 _aRepública Dominicana : _bCuerpo Especializado en Seguridad Aeroportuaria y de la Aviación Civil (CESAC) |
||
| 910 | _aMFeliz | ||
| 942 |
_2ddc _cLBS1 |
||
| 999 |
_c50214 _d50214 |
||